Indian Economy

Guardado en:
Detalles Bibliográficos
Autor principal: Nitin Singhania
Formato: Libro
Publicado: MGH
Materias:
Etiquetas: Agregar Etiqueta
Sin Etiquetas, Sea el primero en etiquetar este registro!

MARC

LEADER 00000nam a2200000Ia 4500
005 20260427112729.0
526 |b Economics 
100 |a Nitin Singhania 
020 |a 9789364446693 
650 |a Indian Economy 
526 |a Bachelors 
942 |c BK 
245 |a Indian Economy 
260 |b MGH 
999 |c 126  |d 126 
952 |0 0  |1 0  |4 0  |7 0  |8 1  |a BRISTOL  |b BRISTOL  |d 2026-04-22  |l 0  |p 000006  |r 2026-04-27 11:27:30  |w 2026-04-27  |y BK